000 00973cab a2200265 4500
001 ABS45654
008 090401t1991 xxu||||| |||| 00| 0 eng d
035 _a(Sirsi) u54276
041 _aeng
100 _aEllis, I.
245 _aRating of agricultural land and buildings
260 _c1991
350 _a0
490 _aInstitute of Revenues Rating and Valuation Journal
_v(1991) IRRV 220-221, 250-1, 284(5)
520 _aParts 2-4 of this series cover definition of agricultural buildings and tests for qualification as such. Also looks at agricultural buildings occupied by syndicates and livestock buildings, garden centres, farm shops and slaughterhouses. Illustrated fully with case law. (See Abstract 45064 for Part 1).
650 _aAPIARIES
650 _aFARM BUILDINGS
650 _aFARM SHOPS
650 _aFISH FARMS
650 _aMARKET GARDENS
650 _aSTABLES
690 _aRATING AND VALUATION
942 _n0
948 _c04/03/1997
999 _c33266
_d33266